Rosa AC Milan 2023-24 - Statistics

Statistiche generali
  • Questo quiz è stato fatto 107 volte
  • Il punteggio medio è 27 su 35
Statistiche sulle risposte
Numero Ruolo Giocaotore Nazionalità % Corretto
11 ATT Christian Pulisic Stati Uniti
98%
4 CEN Ismaël Bennacer Algeria
98%
9 ATT Olivier Giroud Francia
98%
10 ATT Rafael Leão Portogallo
98%
16 POR Mike Maignan Francia
97%
2 DIF Davide Calabria Italia
95%
23 DIF Fikayo Tomori Inghilterra
92%
8 CEN Ruben Loftus-Cheek Inghilterra
92%
19 DIF Theo Hernández Francia
92%
15 ATT Luka Jović Serbia
90%
20 DIF Pierre Kalulu Francia
90%
14 CEN Tijjani Reijnders Paesi Bassi
90%
24 DIF Simon Kjær Danimarca
89%
17 ATT Noah Okafor Svizzera
87%
28 DIF Malick Thiaw Germania
86%
21 ATT Samuel Chukwueze Nigeria
85%
57 POR Marco Sportiello Italia
82%
46 DIF Matteo Gabbia Italia
82%
83 POR Antonio Mirante Italia
80%
(33) (CEN) (Rade Krunić) (Bosnia ed Erzegovina)
80%
7 CEN Yacine Adli Francia
80%
80 CEN Yunus Musah Stati Uniti
78%
73 ATT Francesco Camarda Italia
77%
42 DIF Alessandro Florenzi Italia
75%
82 DIF Jan-Carlo Simić Serbia
64%
32 CEN Tommaso Pobega Italia
62%
74 DIF Álex Jiménez Spagna
57%
(18) (ATT) (Luka Romero) (Argentina)
54%
95 DIF Davide Bartesaghi Italia
53%
69 POR Lapo Nava Italia
49%
(31) (DIF) (Marco Pellegrino) (Argentina)
49%
38 DIF Filippo Terracciano Italia
45%
85 CEN Kevin Zeroli Italia
45%
(70) (ATT) (Chaka Traorè) (Costa D'Avorio)
44%
30 DIF Mattia Caldara Italia
36%
Nessun quiz corrispondente trovato
Distribuzione punteggi
Percentuale di utenti per punteggio
Percentile per numero di risposta
I tuoi punteggi nel tempo
Non hai fatto questo quiz